[Event "IND-ch U13 Girls"]
[Site "Ahmedabad"]
[Date "2018.06.17"]
[Round "5"]
[White "Dalal, Aashi"]
[Black "Bhagyashree, Patil"]
[Result "0-1"]
[WhiteElo "1450"]
[BlackElo "1905"]
[PlyCount "90"]
[EventDate "2018.06.14"]
[EventType "swiss"]
[EventRounds "11"]
[EventCountry "IND"]
[SourceTitle "EXT 2019"]
[Source "ChessBase"]
[SourceDate "2018.10.10"]
[SourceVersion "1"]
[SourceVersionDate "2018.10.10"]
[SourceQuality "1"]

1. e4 c5 2. Nf3 d6 3. d4 cxd4 4. Nxd4 Nf6 5. Nc3 a6 6. Bg5 Nbd7 7. f4 e6 8. Qf3 h6 9. Bh4 Be7 10. 0-0-0 Qc7 11. g4 g5 12. fxg5 Ne5 13. Qg3 Nfxg4 14. g6 fxg6 15. Be2 Nf6 16. Bxf6 Bxf6 17. Nf3 Rg8 18. Nd4 Nf7 19. Bg4 Be5 20. Qh3 Qe7 21. Rhf1 h5 22. Nd5 Qg5+ 23. Kb1 hxg4 24. Qh7 Rg7 25. Nc7+ Ke7 26. Rxf7+ Rxf7 27. Qg8 Bd7 28. Nf5+ Rxf5 29. Qxa8 Qd2 30. Rc1 Bf4 31. Rf1 Rc5 32. a3 Rxc7 33. Qh8 Be8 34. Qh4+ g5 35. Qh7+ Bf7 36. e5 dxe5 37. Qe4 Qd5 38. Qe2 Qc4 39. Qf2 Bg6 40. Ka1 Bxc2 41. Re1 Bb3 42. Qg1 Qd4 43. Qh1 Bd5 44. Qf1 Rc2 45. Rb1 Qc4 0-1